| 000 | 00460nam a22001457a 4500 | ||
|---|---|---|---|
| 082 | _aP-569 | ||
| 100 |
_aMuhammad Umair Muddassir _948299 |
||
| 245 | _aDevelopment of Web based application for user friendly access, analysis and sharing of pavement data base created on GIS | ||
| 260 |
_aRisalpur: _bMCE _cc2014 |
||
| 300 |
_aix,119p; _c26cm |
||
| 526 |
_a0 _b0 _c0 _dP_569 |
||
| 650 | _aProject | ||
| 700 |
_aDr. Nadeem Anwer Qureshi _948300 |
||
| 942 |
_2ddc _cBK |
||
| 999 |
_c551288 _d551288 |
||